Online Catalogue and eLibrary

Dancing to Global Capital Media in India (Record no. 1104)

MARC details
000 -LEADER
fixed length control field 00450nam a2200181Ia 4500
005 - DATE AND TIME OF LATEST TRANSACTION
control field 20250320025224.0
008 - FIXED-LENGTH DATA ELEMENTS--GENERAL INFORMATION
fixed length control field 240331s9999 xx 000 0 und d
082 ## - DDC Classification
Class No. 302.2
Item Number - Author Mark BAN
DDC Edition Number 4730
100 ## - MAIN ENTRY--PERSONAL NAME
Personal name Bandhu, P
245 #0 - TITLE STATEMENT
Title Dancing to Global Capital Media in India
260 ## - PUBLICATION, DISTRIBUTION, ETC.
Place of publication, distribution, etc. Mumbai,
Name of publisher, distributor, etc. Vikas Adhyayan Kendra
Date of publication, distribution, etc. 2001
300 ## - PHYSICAL DESCRIPTION
Extent (e.g. Volumes, Pages etc.) 138 p.,
650 ## - SUBJECT ADDED ENTRY--TOPICAL TERM
Topical term or geographic name entry element Media
650 ## - SUBJECT ADDED ENTRY--TOPICAL TERM
Topical term or geographic name entry element Culture
650 ## - SUBJECT ADDED ENTRY--TOPICAL TERM
Topical term or geographic name entry element Communication
650 ## - SUBJECT ADDED ENTRY--TOPICAL TERM
Topical term or geographic name entry element Development
942 ## - Koha item type (Biblio)
Koha item type Books in Stacks (Lending)
Holdings
Lost status Damaged status Collection code Home library Current library Shelving location Date acquired Full call number Accession Number Item type
    Lending WERC Library WERC Library Social Science Cupboard 03/31/2024 302.2 BAN 4730 Books in Stacks (Lending)

© WERC Library